Philadelphia Eagles Starters - Statistics

General Stats
  • This quiz has been taken 265 times
  • The average score is 8 of 15
Answer Stats
Hint Answer % Correct
QB Nick Foles
93%
HB Lesean Mccoy
79%
C Jason Kelce
74%
WR Desean Jackson
73%
TE Brent Celek
70%
LT Jason Peters
69%
RT Lane Johnson
61%
WR Riley Cooper
52%
P Donnie Jones
43%
LG Evan Mathis
39%
CB Bradley Fletcher
29%
CB Cary Williams
29%
K Alex Henery
28%
RG Todd Herremans
28%
KR Damaris Johnson
9%
No matching quizzes found
Score Distribution
Percent of People with Each Score
Percentile by Number Answered
Your Score History
You have not taken this quiz